[Event "SVK-chT2B 2122"]
[White "Turicik, Dusan"]
[Black "Hoppan, Igor1"]
[Site "Slovakia"]
[Round "2.8"]
[Result "1-0"]
[Date "2021.10.17"]
[WhiteElo "1627"]
[BlackElo "1523"]
[PlyCount "89"]
[EventDate "2021.10.16"]
[EventType "team-tourn"]
[EventRounds "11"]
[EventCountry "SVK"]
[SourceTitle "EXT 2023"]
[Source "ChessBase"]
[SourceDate "2022.10.05"]
[SourceVersion "1"]
[SourceVersionDate "2022.10.05"]
[SourceQuality "1"]
[WhiteTeam "Sala Slovan Duslo"]
[BlackTeam "Prievidza"]
[WhiteTeamCountry "SVK"]
[BlackTeamCountry "SVK"]

1. d4 d5 2. Nc3 Nf6 3. Bf4 Bd7 4. e3 e6 5. Nf3 Bb4 6. Bd3 Nc6 7. a3 Bxc3+ 8. bxc3 Na5 9. 0-0 Nc4 10. Qe2 Nd6 11. Ne5 Nde4 12. c4 c6 13. c5 0-0 14. f3 Nc3 15. Qe1 Nb5 16. a4 Nc7 17. Qh4 Nce8 18. Bg5 h6 19. Bxh6 gxh6 20. Qxh6 Ng7 21. f4 Nf5 22. Qg5+ Ng7 23. Qh4 Nfh5 24. Qg4 f5 25. Qh3 Qe8 26. Be2 Rd8 27. Kh1 Rf6 28. Rg1 Rh6 29. Qh4 Bc8 30. Qg5 Rh7 31. g4 fxg4 32. Rxg4 Kh8 33. Ng6+ Kg8 34. Bd3 Nf5 35. Ne7+ Kh8 36. Ng6+ Kg8 37. Rag1 Rdd7 38. Nf8+ Rdg7 39. Ng6 Nxe3 40. Rh4 Ng3+ 41. Rxg3 Rxh4 42. Qxh4 Nf5 43. Bxf5 exf5 44. Qh8+ Kf7 45. Ne5+ 1-0

[Event "SVK-chT1W 1819"]
[White "Turicik, Dusan"]
[Black "Farkas, Renata"]
[Site "Slovakia"]
[Round "7.8"]
[Result "0-1"]
[Date "2019.02.02"]
[WhiteElo "1611"]
[BlackElo "1919"]
[PlyCount "94"]
[EventDate "2018.10.27"]
[EventType "team-tourn"]
[EventRounds "11"]
[EventCountry "SVK"]
[SourceTitle "CBM 188 Extra"]
[Source "ChessBase"]
[SourceDate "2019.02.28"]
[SourceVersion "1"]
[SourceVersionDate "2019.02.28"]
[SourceQuality "1"]
[WhiteTeam "Sala Slovan Duslo"]
[BlackTeam "Gabcikovo MSK"]
[WhiteTeamCountry "SVK"]
[BlackTeamCountry "SVK"]

1. d4 d5 2. Nf3 c6 3. Nc3 Nf6 4. Bg5 Nbd7 5. e3 g6 6. Be2 Bg7 7. 0-0 0-0 8. h3 Re8 9. a3 a5 10. Re1 e5 11. dxe5 Nxe5 12. Nxe5 Rxe5 13. f4 Rxe3 14. f5 Re5 15. Bxf6 Qxf6 16. fxg6 hxg6 17. Rf1 Qh4 18. Qe1 Qe7 19. Qf2 d4 20. Bc4 Rf5 21. Qe2 Qxe2 22. Nxe2 b5 23. Bd3 Rxf1+ 24. Rxf1 Be6 25. Nf4 Bc4 26. Rf3 Re8 27. Kf2 Be5 28. b3 Bxd3 29. Nxd3 Bd6 30. b4 Kg7 31. g3 Ra8 32. Ke2 axb4 33. Nxb4 c5 34. Nd5 c4 35. Nb4 Bc5 36. g4 Re8+ 37. Kd2 Be7 38. Nd5 Bg5+ 39. Kd1 c3 40. Rf1 Ra8 41. Nc7 Rxa3 42. Nxb5 Ra1+ 43. Ke2 Rxf1 44. Kxf1 d3 45. Nd4 Be3 46. cxd3 Bxd4 47. Ke2 g5 0-1

[Event "SVK-chT2B 1314"]
[White "Turicik, Dusan"]
[Black "Novotny, Michal1"]
[Site "Slovakia"]
[Round "6.2"]
[Result "0-1"]
[Date "2014.01.12"]
[WhiteElo "1605"]
[BlackElo "1964"]
[PlyCount "64"]
[EventDate "2013.10.19"]
[EventType "team-tourn"]
[EventRounds "11"]
[EventCountry "SVK"]
[SourceTitle "EXT 2015"]
[Source "ChessBase"]
[SourceDate "2014.11.20"]
[SourceVersion "1"]
[SourceVersionDate "2014.11.20"]
[SourceQuality "1"]
[WhiteTeam "Sala"]
[BlackTeam "Tlmace"]
[WhiteTeamCountry "SVK"]
[BlackTeamCountry "SVK"]

1. d4 d5 2. Bf4 Nf6 3. e3 g6 4. Nc3 c6 5. Nf3 Bg7 6. Be2 Nbd7 7. 0-0 Nh5 8. Re1 Nxf4 9. exf4 0-0 10. b4 e6 11. a4 a5 12. b5 c5 13. Na2 Qf6 14. dxc5 Qxa1 15. Qxa1 Bxa1 16. Rxa1 Nxc5 17. Nc3 b6 18. Ne5 Bb7 19. Bd3 Rac8 20. Ne2 f6 21. Nf3 Rfe8 22. Nc1 e5 23. fxe5 fxe5 24. Nd2 e4 25. Bf1 Ne6 26. c4 d4 27. Ra3 Nc5 28. Ndb3 Red8 29. Nxc5 Rxc5 30. Be2 d3 31. Bd1 Kg7 32. Rc3 Rd4 0-1